000 00495nam a22001817a 4500
005 20180215153324.0
010 _aENG-122268
020 _a9789386473158
_c250.00
035 _aEN-105800
037 _bDBAD/PUB
082 _aN
100 _aChadha, Satbir
245 _aBetrayed:
_cby Satbir Chadha
_btale of a rogue surgeon/
260 _aNew Delhi
_bVitasta
_cc2017
270 _a2/15, Ansari Road, Daryaganj
_bNew Delhi
_e110002
300 _a193p.
_c20cm(pbk)
942 _2ddc
_cEN
_hN
_mCHA
999 _c149932
_d149932